Ασκήσεις απειροστικού λογισμού ΙΙΙ

Αποθηκεύτηκε σε:
Λεπτομέρειες βιβλιογραφικής εγγραφής
Κύριος συγγραφέας: Πεταλάς, Χρυσόστομος Γ.
Μορφή: Βιβλίο
Γλώσσα:Greek
Δημοσίευση: Γιάννενα : Πανεπιστήμιο Ιωαννίνων, 1992
Θέματα:
Ετικέτες: Προσθήκη ετικέτας
Δεν υπάρχουν, Καταχωρήστε ετικέτα πρώτοι!

MARC

LEADER 00000nam a2200000 i 4500
001 1/43146
008 980209s1992 gre d
035 |a 1998  |c ΓΡΑΜΜΑΤΕΙΑ  |l 10041954 
040 |a GR-MY-UA  |b gre  |e aacr 
041 0 |a gre 
082 0 |a 515 
100 1 |a Πεταλάς, Χρυσόστομος Γ. 
245 1 0 |a Ασκήσεις απειροστικού λογισμού ΙΙΙ /  |c Χρυσόστομος Γ. Πεταλάς 
246 3 3 |a Ασκήσεις απειροστικού λογισμού 3 
260 |a Γιάννενα :   |b Πανεπιστήμιο Ιωαννίνων,   |c 1992 
300 |a 54 σ.;  |c 24 εκ. 
650 0 0 |a Differential calculus  |x Problems, exercises, etc. 
852 |a INST  |b SAMOS  |e 19980209  |h 515 ΠΕΤ  |p 005300011878  |q 005300011878  |t BK  |y 0 
852 |a INST  |b SAMOS  |e 19980209  |h 515 ΠΕΤ  |p 005300011879  |q 005300011879  |t BK  |y 0 
852 |a INST  |b SAMOS  |e 19980209  |h 515 ΠΕΤ  |p 005300011880  |q 005300011880  |t BK  |y 0 
852 |a INST  |b SAMOS  |e 19980209  |h 515 ΠΕΤ  |p 005300011881  |q 005300011881  |t BK  |y 0 
852 |a INST  |b SAMOS  |e 19980209  |h 515 ΠΕΤ  |p 005300011882  |q 005300011882  |t BK  |y 0 
852 |a INST  |b SAMOS  |e 19980209  |h 515 ΠΕΤ  |p 005300011883  |q 005300011883  |t BK  |y 0 
852 |a INST  |b SAMOS  |e 19980209  |h 515 ΠΕΤ  |p 005300011884  |q 005300011884  |t BK  |y 0 
852 |a INST  |b SAMOS  |e 19980209  |h 515 ΠΕΤ  |p 005300011885  |q 005300011885  |t BK  |y 0 
852 |a INST  |b SAMOS  |e 19980209  |h 515 ΠΕΤ  |p 005300011886  |q 005300011886  |t BK  |y 0 
852 |a INST  |b SAMOS  |e 19980209  |h 515 ΠΕΤ  |p 005300011887  |q 005300011887  |t BK  |y 0 
901 |a BIBL-1998-1 
909 |a Σ  |b 051170 
909 |a Σ  |b 051171 
909 |a Σ  |b 051172 
909 |a Σ  |b 051173 
909 |a Σ  |b 051174 
909 |a Σ  |b 051175 
909 |a Σ  |b 051176 
909 |a Σ  |b 051177 
909 |a Σ  |b 051178 
909 |a Σ  |b 051179